000
00339nam a2200157Ia 4500
005
20250425161651.0
008
250425s9999 xx 000 0 und d
041
_a
eng
082
_a
IBM4381
245
0
_a
THE PRIMARY BATTERY
250
_a
S.E.
260
_a
S.L.
260
_a
Sin Pais
_b
WILE
_c
1976
942
_c
01
010
_a
25443
999
_c
213692
_d
213692